| 000 | 00423nam a2200145Ia 4500 | ||
|---|---|---|---|
| 008 | 230411s9999 xx 000 0 und d | ||
| 020 | _a978-81-8448-774-9 | ||
| 041 | _aeng | ||
| 082 | _aF/610.7368/GOR/SUL/B06604 | ||
| 100 |
_aGorman Linda & Sultan Donna _9179196 |
||
| 245 | _aPsychosocial Nursing for General Patient Care | ||
| 260 |
_bJaypee Brothers _aNew Delhi _c2009 |
||
| 300 | _a540p | ||
| 999 |
_c156970 _d156970 |
||